Estadísticas para Nombra una provincia española válida

Haz click aquí para tomar la prueba!

Estadísticas generales

  • Esta prueba ha sido tomada 61 veces
  • La puntuación promedio es 13 de 15

Estadísticas de respuestas

Nombra una provincia...Respuestas posibles% Correcto
insular.Islas Baleares | Las Palmas | Santa Cruz de Tenerife
100%
que limita con Portugal.Pontevedra | Orense | Zamora | Salamanca | Cáceres | Badajoz | Huelva
100%
que empieza con T.Tarragona | Teruel | Toledo
98%
que pertenece a Castilla-La Mancha.Albacete | Ciudad Real | Cuenca | Guadalajara | Toledo
96%
de una comunidad autónoma uniprovincial.Asturias | Cantabria | Islas Baleares | La Rioja | Madrid | Murcia | Navarra
96%
que se atraviesa el Tajo.Teruel | Guadalajara | Cuenca | Madrid | Toledo | Cáceres
96%
que limita con Francia.Guipúzcoa | Navarra | Huesca | Lérida | Gerona
94%
con un pico de 3.000 metros o más.Santa Cruz de Tenerife | Granada | Huesca | Lérida
89%
con una superficie más de 15.000 kilómetros cuadrados.Badajoz | Cáceres | Ciudad Real | Zaragoza | Cuenca | Huesca | León | Toledo
81%
con sólo un equipo en LaLiga (´22-´23).Alicante | Almería | Cádiz | Castellón | Gerona | Guipúzcoa | Islas Baleares | Navarra | Pontevedra | Valencia | Valladolid | Vizcaya
76%
con un león en su escudo (sin incluir las de Castilla y León).Álava | Almería | Badajoz | Cáceres | Cádiz | Ciudad Real | Córdoba | Cuenca | Granada | Guadalajara | Huesca | Jaén | Las Palmas | Lugo | Orense | Santa Cruz de Tenerife | Sevilla | Toledo
67%
autónoma durante la Segunda República.Álava | Barcelona | Gerona | Guipúzcoa | La Coruña | Lérida | Lugo | Orense | Pontevedra | Tarragona | Vizcaya
67%
que se atraviesa el meridiano de Greenwich.Huesca | Zaragoza | Teruel | Castellón | Alicante
67%
con una población menos de 100.000.Soria
63%
con una superficie menos de 3.000 kilómetros cuadrados.Guipúzcoa | Vizcaya
59%

Distribución de puntuación

Porcentaje por número respondido

Porcentaje de gente con cada puntuación

Historial de tus puntuaciones

No has tomado esta prueba